000 00768cam a22002294a 4500
001 14864090
005 20180109075307.0
008 070524s2008 maua 000 0 spa
010 _a 2007021902
020 _a9780073513157 (alk. paper)
020 _a0073513156 (alk. paper)
040 _aDLC
_cDLC
_dDLC
041 0 _aspa
_aeng
080 _a860.9
082 0 0 _a860.9 VAL
_222
100 1 _a21
101 _aGJL
245 1 0 _aAproximaciones al estudio de la literatura hispánica /
_cCarmelo Virgillo, L. Teresa Valdivieso, Edward H. Friedman.
906 _a7
_bcbc
_corignew
_d1
_eecip
_f20
_gy-gencatlg
942 _2ddc
_cBK
999 _c39932
_d39932